Gabon all time starting xi - Statistics

General Stats
  • This quiz has been taken 7 times
  • The average score is 4 of 11
Answer Stats
Hint Answer % Correct
FW(2009- Pierre-Emerick Aubameyang
100%
DF(1985-1998 Pierre Aubameyang
83%
MF(2015- Mario Lemina
50%
MF2010- André Poko
17%
DF(2008-2025 Bruno Ecuele Manga
17%
FW(2000-2014 Daniel Cousin
17%
FW(2017- Denis Bouanga
17%
GK(2003-2019 Didier Ovono
17%
MF(2012- Guélor Kanga
17%
DF(2014- Johann Obiang
17%
DF(2011-2023 Lloyd Palun
17%
No matching quizzes found
Score Distribution
Percent of People with Each Score
Percentile by Number Answered
Your Score History
You have not taken this quiz